Un veterano de tres guerras. Recuerdos de José Miguel Varela.

Bewaard in:
Bibliografische gegevens
Hoofdauteur: Parvex, Guillermo (autor)
Formaat: Boek
Taal:Spaans
Gepubliceerd in: Santiago, Chile: Academia de Historia Militar, 2014.
Onderwerpen:
Tags: Voeg label toe
Geen labels, Wees de eerste die dit record labelt!

MARC

LEADER 00000cam a2200000 a 4500
001 UCE8357
003 CL-VaPUC
005 20230317155422.0
008 150731e20140000cl |||||||||||||||||spa|d
999 |c 360253  |d 360251 
020 |a 978-956-8989-01-9 
040 |c Pontificia Universidad Católica de Valparaíso 
082 0 4 |a 983.061 PAR 2014  |2 21 
100 |a Parvex, Guillermo  |e autor  |9 603063 
245 1 3 |a Un veterano de tres guerras.  |b Recuerdos de José Miguel Varela. 
260 |a Santiago, Chile:  |b Academia de Historia Militar,  |c 2014. 
300 |a 478 páginas.  
500 |a c.3 Donación Familia Prof. Alejandro Guzmán Brito. 
583 |a last modification  |c 20150731 12:25:00  |k Rodrigo Vera 
650 0 |a Guerra del Pacífico  |9 314886  |x Relatos personales  
942 |c BK  |2 ddc  |n 0 
945 |d 20150731 12:25:00  |a dcastane 
952 |0 0  |1 0  |3 erb  |4 0  |6 983_061000000000000_PAR_2014  |7 0  |8 A  |9 469955  |a BIBHIS  |b BIBHIS  |i 5192455  |o 983.061 PAR 2014  |p 5192455  |r 2025-01-20  |w 2019-11-23  |y BK  |z Catalogado en:20150731  |k HIS 
952 |0 0  |1 0  |3 erb  |4 0  |6 983_061000000000000_PAR_2014  |7 0  |8 A  |9 469956  |a BIBHIS  |b BIBHIS  |i 5343585  |o 983.061 PAR 2014  |p 5343585  |r 2025-01-20  |w 2019-11-23  |y BK  |z Catalogado en:20160930  |k HIS 
952 |0 0  |1 0  |2 ddc  |4 0  |6 983_061000000000000_PAR_2014  |7 1  |8 C_AGB  |9 580412  |a BIBDER  |b BIBDER  |d 2022-01-11  |e Donación   |i 5637546  |o 983.061 PAR 2014  |p 5637546  |r 2023-01-25  |t 3  |w 2022-01-11  |y BK_US  |k AGB